| 000 | 01704cad a22002415a 4500 | ||
|---|---|---|---|
| 001 | L144647 | ||
| 008 | 080804s20080730xxkad f s f000 0 eng d | ||
| 035 | _a(Sirsi) u144647 | ||
| 041 | 0 | _aeng | |
| 050 | 0 | 4 | _a627.4 $2 18 |
| 110 | 2 |
_aUnited Kingdom _bDepartment for Environment, Food and Rural Affairs |
|
| 245 | 0 | 0 |
_aConsultation on policy options for promoting property-level flood protection and resilience _h[electronic resource] |
| 260 |
_aLondon _bDEFRA _c2008 |
||
| 505 | 2 | _aConsultation overview -- Increasing household take-up of property-level flood protection and resilience -- Further issues, including encouraging resilient repair and refurbishment -- Barriers to take-up of property-level flood protection and resilience -- Annex b: summary of consultation questions -- Annex c: impact assessment | |
| 520 | _aThis consultation refers to policy options for increasing the use of property-level measures by householders to reduce the impacts of flooding. Builds on the pilot grant scheme that Defra has recently completed and asks stakeholders for their views on whether offering households a free home flood survey would be sufficient to drive greater take-up or whether a government grant to subsidise the costs of the measures themselves would be required. Submissions to this consultation must be provided by 31 October 2008. | ||
| 521 | _aAdvanced | ||
| 590 | _aKA NTK | ||
| 650 | 2 | 4 | _aFLOODING |
| 651 | 4 |
_aEngland and Wales _y1543- |
|
| 690 | _aENVIRONMENTAL AND LAND CONSULTANCY-WATER RESOURCE MANAGEMENT-FLOODING | ||
| 856 | 4 | 0 |
_uhttps://www.defra.gov.uk/corporate/consult/flood-protection/index.htm _zView the item free of charge online at www.defra.gov.uk... |
| 942 | _n0 | ||
| 999 |
_c108573 _d108573 |
||